| 000 | 01100nam a2200301 i 4500 | ||
|---|---|---|---|
| 003 | DO-SdBNP | ||
| 005 | 20241011144910.0 | ||
| 007 | ta | ||
| 008 | 240628b2024 dr ||||| |||| 00| 0 spa d | ||
| 020 | _a9789945188851 | ||
| 040 |
_aDO-SdBNP _bspa _cBNPHU _erda |
||
| 082 | 4 |
_aRD861.44 _bP438e _222 |
|
| 100 | 1 |
_aValera Benítez, Rafael, _eautor _924318 _4aut. |
|
| 245 | 1 | 0 |
_aElegir la luz : _bpoemas escogidos / _cRafael Valera Benítez ; selección, nota editorial y presentación, Luis Reynaldo Pérez ; epílogo, Marina Valera Regús. |
| 264 |
_aSanto Domingo : _bBúho, _c2024. |
||
| 300 |
_a117 páginas ; _c21 cm. |
||
| 336 |
_atexto _btxt _2rdacontent |
||
| 337 |
_asin mediación _bn _2rdamedia |
||
| 338 |
_avolumen _bnc _2rdacarrier |
||
| 500 | _aIncluye datos biográficos del autor p. : 117 | ||
| 590 | _aInventariado, 2024/BT | ||
| 650 | 4 | _aPoesía dominicana | |
| 650 | 4 | _aLiteratura dominicana | |
| 700 | 1 |
_aPérez, Luis Reynaldo, _eselección, nota editorial y presentación _972897 |
|
| 700 | 1 |
_aValera Regús, Marina, _eepílogo _985885 |
|
| 910 | _abtavárez | ||
| 942 |
_2ddc _cLBS1 |
||
| 999 |
_c57064 _d57064 |
||